Score 0/24 Timer 04:00
0 Plays Today
Question Answer Wrong Answers
Which restaurant opened first? McDonald's
68.7%
Burger King
7.1%
Wendy's
13%
Taco Bell
3.4%
Which music artist died first? Michael Jackson
58.5%
Prince
5%
George Michael
11.1%
Amy Winehouse
24.5%
Which event happened first? Titanic sinks
58.2%
U.S. enters WWI
12.3%
NFL begins
5.8%
Lindbergh crosses Atlantic
17.5%
Which university was founded first? Harvard
56.5%
Yale
16.2%
Princeton
10.1%
Cornell
5.9%
Who appeared in comic books first? Superman
49.2%
Batman
9.8%
Captain America
9.4%
Archie
21.9%
Which Apple product was launched first? iMac
49.2%
iPod
31.2%
iPad
2.2%
iPhone
4.7%
Which website was launched first? eBay
47.4%
YouTube
6.6%
PayPal
6.3%
Google
35.9%
Which company was founded first? IBM
44.6%
Apple
5.3%
Texas Instruments
31.7%
Hewlett-Packard
15.9%
Which U.S. federal holiday was adopted first? New Year's Day
41%
Labor Day
16.4%
Memorial Day
19.8%
Veterans Day
10.7%
Which U.S. President was elected first? James Polk
39.7%
Franklin Pierce
18.5%
Abraham Lincoln
27.5%
Ulysses Grant
9.9%
Which book of the Old Testament Bible comes first? Joshua
38.2%
Ruth
24.7%
Ezra
15.5%
Nehemiah
12.8%
Which team won a Super Bowl first? Dallas Cowboys
38%
Miami Dolphins
18.6%
Pittsburgh Steelers
28%
Oakland Raiders
14.2%
Which toy was released first? Mr. Potato Head
37.9%
Barbie
32.4%
G.I. Joe
20.5%
Tickle Me Elmo
2.4%
Which candy came out first? Hershey's Kisses
36.7%
M&M's
26.8%
Dots
16.9%
SweeTarts
9.4%
Which snack came out first? Fritos
35.7%
Cheetos
14.4%
Ruffles
22.3%
Doritos
13.7%
Which band formed first? Van Halen
34.4%
The Cars
30.6%
U2
15.5%
R.E.M.
8.7%
Which Beatles album was released first? Rubber Soul
32.1%
Revolver
20.3%
Magical Mystery Tour
15.7%
Let It Be
26.2%
Which movie won the Academy Award for Best Picture first? West Side Story
31%
My Fair Lady
27.7%
The Sound of Music
26.8%
Oliver!
11.2%
Which car was manufactured first? Chevrolet Corvette
30.2%
Ford Mustang
41%
Porsche 911
9.8%
Dodge Challenger
9.7%
Which state was admitted to the Union first? California
29.6%
West Virginia
53.3%
Oklahoma
10.4%
Wyoming
5%
Which celebrity was born first? Ellen DeGeneres
29%
Tom Cruise
15.9%
George Clooney
46.5%
Chris Rock
3.5%
Which country won a FIFA World Cup first? Italy
28%
England
17.9%
Brazil
37.1%
France
9.6%
Which city was incorporated first? Detroit
27.4%
Cleveland
20.9%
Chicago
35.5%
Milwaukee
9.6%
Which product was patented first? Tape Measure
25.8%
Brassiere
31.9%
Crescent Wrench
20.3%
Pocket Lighter
13.5%
Remove Ads.
Support Sporcle.
Get the best of Sporcle when you Go Orange. This ad-free experience offers more features, more stats, and more fun while also helping to support Sporcle. Thank you for becoming a member.

You're not logged in!

Compare scores with friends on all Sporcle quizzes.
OR
Log In

Show Comments

Extras

Top Quizzes Today


Score Distribution

Your Account Isn't Verified!

In order to create a playlist on Sporcle, you need to verify the email address you used during registration. Go to your Sporcle Settings to finish the process.

Report this User

Report this user for behavior that violates our Community Guidelines.

Details: